| 000 | 01046cam a2200289 a 4500 | ||
|---|---|---|---|
| 001 | 17326295 | ||
| 003 | OSt | ||
| 005 | 20230920134810.0 | ||
| 008 | 120531s2013 nyuab b 001 0 eng | ||
| 010 | _a 2012020783 | ||
| 020 | _a9780071318549 | ||
| 020 | _a9780078035005 (hard copy : alk. paper) | ||
| 020 | _a0078035007 (hard copy : alk. paper) | ||
| 040 |
_aDLC _cDLC _dDLC |
||
| 050 | 0 | 0 |
_aGN316 _b.K643 2013 |
| 082 | 0 | 0 |
_a306 _bKOT/C |
| 100 | 1 |
_aKottak, Conrad Phillip _99531 |
|
| 245 | 1 | 0 |
_aCultural anthropology : _bappreciating cultural diversity / _cConrad Phillip Kottak. |
| 250 | _a15th ed. | ||
| 260 |
_aNew York : _bMcGraw-Hill, _cc2013. |
||
| 300 |
_axxv, 417 [37] p. : _bcol. ill., col. maps ; _c28 cm. |
||
| 504 | _aIncludes bibliographical references (p. 380-400) and indexes. | ||
| 650 | 0 | _aEthnology. | |
| 906 |
_a7 _bcbc _corignew _d1 _eecip _f20 _gy-gencatlg |
||
| 942 |
_2ddc _cBK _h306 _iKOT/C _k306 _mKOT/C |
||
| 999 |
_c42269 _d42269 |
||